[Event "European Online Club-ch-D 2021"]
[Site "Online"]
[Date "2021.03.27"]
[Round "6.15"]
[White "Maurizzi, Marc Andria"]
[Black "Babazada, Khazar"]
[Result "1/2-1/2"]
[WhiteElo "2461"]
[BlackElo "2409"]
[Annotator "ChessBase"]
[PlyCount "82"]
[EventDate "2021.03.27"]
[EventType "team-tourn"]
[EventCountry "NET"]
[SourceTitle "playchess.com"]
[Source "ChessBase"]
[SourceQuality "1"]
[TimeControl "900+5"]

1. d4 {[%emt 0:00:00]} Nf6 {[%emt 0:00:08]} 2. c4 {[%emt 0:00:03]} g6 {[%emt 0:00:01]} 3. Nc3 {[%emt 0:00:17]} Bg7 {[%emt 0:00:02]} 4. e4 {[%emt 0:00:02]} d6 {[%emt 0:00:02]} 5. Nf3 {[%emt 0:00:15]} O-O {[%emt 0:00:03]} 6. Be2 {[%emt 0:00:01]} Na6 {[%emt 0:00:36]} 7. O-O {[%emt 0:00:09]} e5 {[%emt 0:00:24]} 8. Rb1 {[%emt 0:02:45]} c6 {[%emt 0:00:10]} 9. b4 {[%emt 0:00:22]} exd4 {[%emt 0:00:16]} 10. Nxd4 {[%emt 0:00:00]} Re8 {[%emt 0:00:11]} 11. f3 {[%emt 0:00:25]} Nc7 {[%emt 0:00:46]} 12. Bg5 {[%emt 0:02:11]} h6 {[%emt 0:00:18]} 13. Bh4 {[%emt 0:00:04]} Ne6 {[%emt 0:00:14]} 14. Nxe6 {[%emt 0:00:06]} Bxe6 {[%emt 0:00:02]} 15. Qd2 {[%emt 0:00:05]} Nxe4 {[%emt 0:00:29]} 16. Nxe4 {[%emt 0:00:32]} Qxh4 {[%emt 0:00:02]} 17. Qxd6 {[%emt 0:00:43]} Rad8 {[%emt 0:00:10]} 18. Qc7 {[%emt 0:00:05]} Bf5 {[%emt 0:00:45]} 19. g3 {[%emt 0:00:49]} Bd4+ {[%emt 0:00:53]} 20. Kh1 {[%emt 0:00:04]} Qh3 {[%emt 0:01:00]} 21. Qxb7 {[%emt 0:03:16]} Rxe4 {[%emt 0:03:40]} 22. fxe4 {[%emt 0:00:00]} Bxe4+ {[%emt 0:00:07]} 23. Bf3 {[%emt 0:00:20]} Bxb1 {[%emt 0:01:56]} 24. Rxb1 {[%emt 0:01:41]} Qf5 {[%emt 0:00:05]} 25. Rf1 {[%emt 0:00:08]} Qd3 {[%emt 0:00:32]} 26. Bg2 {[%emt 0:00:04]} Qxc4 {[%emt 0:00:06]} 27. Qxc6 {[%emt 0:00:21]} Qxa2 {[%emt 0:00:42]} 28. b5 {[%emt 0:00:51]} Bb6 {[%emt 0:00:16]} 29. h4 {[%emt 0:00:47]} h5 {[%emt 0:00:18]} 30. Kh2 {[%emt 0:00:19]} Rd2 {[%emt 0:00:49]} 31. Kh3 {[%emt 0:00:16]} Bd8 {[%emt 0:01:10]} 32. Qe8+ {[%emt 0:00:15]} Kg7 {[%emt 0:00:06]} 33. Qe5+ {[%emt 0:00:03]} Kh7 {[%emt 0:00:51]} 34. Qf4 {[%emt 0:00:07]} Kg8 {[%emt 0:00:18]} 35. Qe4 {[%emt 0:00:10]} Bc7 {[%emt 0:00:11]} 36. Qf3 {[%emt 0:00:01]} Qe6+ {[%emt 0:00:10]} 37. Kh2 {[%emt 0:00:01]} Re2 {[%emt 0:00:03]} 38. Kh1 {[%emt 0:00:09]} Re3 {[%emt 0:00:06]} 39. Qa8+ {[%emt 0:00:04]} Kg7 {[%emt 0:00:01]} 40. Qxa7 {[%emt 0:00:02]} Bxg3 {[%emt 0:00:07]} 41. Rxf7+ {[%emt 0:00:05]} Qxf7 {[%emt 0:00:10]} 1/2-1/2

[Event "European Online Club-ch-D 2021"]
[Site "Online"]
[Date "2021.03.27"]
[Round "6.16"]
[White "Samadov, Read"]
[Black "Guliyev, Namig"]
[Result "0-1"]
[WhiteElo "2332"]
[BlackElo "2538"]
[Annotator "ChessBase"]
[PlyCount "122"]
[EventDate "2021.03.27"]
[EventType "team-tourn"]
[EventCountry "NET"]
[SourceTitle "playchess.com"]
[Source "ChessBase"]
[SourceQuality "1"]
[TimeControl "900+5"]

1. d4 {[%emt 0:00:00]} d5 {[%emt 0:00:07]} 2. c4 {[%emt 0:00:03]} dxc4 {[%emt 0:00:01]} 3. e3 {[%emt 0:00:02]} e5 {[%emt 0:00:05]} 4. Bxc4 {[%emt 0:00:03]} exd4 {[%emt 0:00:01]} 5. exd4 {[%emt 0:00:02]} Nf6 {[%emt 0:00:02]} 6. Nf3 {[%emt 0:00:02]} Be7 {[%emt 0:00:02]} 7. O-O {[%emt 0:00:11]} O-O {[%emt 0:00:02]} 8. Nc3 {[%emt 0:00:05]} Nbd7 {[%emt 0:00:02]} 9. Re1 {[%emt 0:00:40]} Nb6 {[%emt 0:00:02]} 10. Bb3 {[%emt 0:00:03]} c6 {[%emt 0:00:11]} 11. Ne5 {[%emt 0:00:35]} Nbd5 {[%emt 0:00:23]} 12. Qf3 {[%emt 0:00:40]} Be6 {[%emt 0:00:03]} 13. Bg5 {[%emt 0:00:11]} Nc7 {[%emt 0:01:04]} 14. Bxe6 {[%emt 0:03:14]} Nxe6 {[%emt 0:00:03]} 15. Bxf6 {[%emt 0:01:03]} Bxf6 {[%emt 0:00:36]} 16. d5 {[%emt 0:00:33]} cxd5 {[%emt 0:00:42]} 17. Nxd5 {[%emt 0:00:07]} Bxe5 {[%emt 0:00:24]} 18. Rxe5 {[%emt 0:00:04]} Qd6 {[%emt 0:00:04]} 19. Rae1 {[%emt 0:00:40]} Rac8 {[%emt 0:00:40]} 20. Qg3 {[%emt 0:01:25]} Kh8 {[%emt 0:00:19]} 21. Nc3 {[%emt 0:00:30]} h6 {[%emt 0:00:22]} 22. Rd5 {[%emt 0:00:22]} Qxg3 {[%emt 0:00:12]} 23. hxg3 {[%emt 0:00:02]} Rfd8 {[%emt 0:00:04]} 24. Red1 {[%emt 0:00:06]} g5 {[%emt 0:00:21]} 25. Kf1 {[%emt 0:00:18]} Kg7 {[%emt 0:00:03]} 26. Ke2 {[%emt 0:00:13]} Rxd5 {[%emt 0:00:39]} 27. Rxd5 {[%emt 0:00:04]} a6 {[%emt 0:00:02]} 28. Kd2 {[%emt 0:00:23]} h5 {[%emt 0:00:11]} 29. a3 {[%emt 0:00:27]} Kg6 {[%emt 0:00:25]} 30. b4 {[%emt 0:00:14]} Rc6 {[%emt 0:00:35]} 31. Rd7 {[%emt 0:00:22]} b5 {[%emt 0:01:13]} 32. Ne4 {[%emt 0:00:51]} h4 {[%emt 0:00:14]} 33. Rd6 {[%emt 0:00:57]} Rxd6+ {[%emt 0:00:21]} 34. Nxd6 {[%emt 0:00:01]} f5 {[%emt 0:00:16]} 35. gxh4 {[%emt 0:00:36]} gxh4 {[%emt 0:00:04]} 36. Ke3 {[%emt 0:00:04]} Kg5 {[%emt 0:00:12]} 37. f3 {[%emt 0:00:40]} Nc7 {[%emt 0:00:49]} 38. Nb7 {[%emt 0:00:28]} Nd5+ {[%emt 0:00:11]} 39. Kf2 {[%emt 0:00:02]} Kf4 {[%emt 0:00:09]} 40. Nc5 {[%emt 0:00:06]} Nc7 {[%emt 0:00:01]} 41. Nd3+ {[%emt 0:00:06]} Kg5 {[%emt 0:00:03]} 42. g3 {[%emt 0:00:18]} hxg3+ {[%emt 0:00:22]} 43. Kxg3 {[%emt 0:00:02]} Ne6 {[%emt 0:00:18]} 44. f4+ {[%emt 0:00:19]} Kf6 {[%emt 0:00:03]} 45. Kf2 {[%emt 0:00:02]} Ke7 {[%emt 0:00:43]} 46. Ke3 {[%emt 0:00:34]} Kd6 {[%emt 0:00:01]} 47. Ne5 {[%emt 0:00:46]} Kd5 {[%emt 0:00:03]} 48. Nd7 {[%emt 0:00:06]} Kc4 {[%emt 0:00:08]} 49. Nb8 {[%emt 0:00:01]} Nc7 {[%emt 0:00:03]} 50. Nc6 {[%emt 0:00:14]} Nd5+ {[%emt 0:00:02]} 51. Kd2 {[%emt 0:00:08]} Kb3 {[%emt 0:00:37]} 52. Nb8 {[%emt 0:00:02]} Kxa3 {[%emt 0:00:19]} 53. Nxa6 {[%emt 0:00:03]} Nxf4 {[%emt 0:00:36]} 54. Ke3 {[%emt 0:00:02]} Nd5+ {[%emt 0:00:42]} 55. Kf3 {[%emt 0:00:08]} Kb3 {[%emt 0:00:07]} 56. Kg3 {[%emt 0:00:05]} Kc4 {[%emt 0:00:02]} 57. Kf3 {[%emt 0:00:03]} Kd4 {[%emt 0:00:02]} 58. Kf2 {[%emt 0:00:07]} Kc3 {[%emt 0:00:14]} 59. Kf3 {[%emt 0:00:03]} Kc4 {[%emt 0:00:01]} 60. Kg3 {[%emt 0:00:02]} Nxb4 {[%emt 0:00:04]} 61. Nc7 {[%emt 0:00:03]} Nd5 {[%emt 0:00:02]} 0-1

[Event "European Online Club-ch-D 2021"]
[Site "Online"]
[Date "2021.03.27"]
[Round "6.17"]
[White "Lupulescu, Constantin"]
[Black "Bauer, Christian"]
[Result "1/2-1/2"]
[WhiteElo "2656"]
[BlackElo "2639"]
[Annotator "ChessBase"]
[PlyCount "57"]
[EventDate "2021.03.27"]
[EventType "team-tourn"]
[EventCountry "NET"]
[SourceTitle "playchess.com"]
[Source "ChessBase"]
[SourceQuality "1"]
[TimeControl "900+5"]

1. Nf3 {[%emt 0:00:00]} b6 {[%emt 0:00:23]} 2. e4 {[%emt 0:00:47]} Bb7 {[%emt 0:00:02]} 3. Nc3 {[%emt 0:00:03]} Nf6 {[%emt 0:00:02]} 4. e5 {[%emt 0:00:12]} Nd5 {[%emt 0:00:03]} 5. Nxd5 {[%emt 0:00:54]} Bxd5 {[%emt 0:00:02]} 6. d4 {[%emt 0:00:00]} e6 {[%emt 0:00:02]} 7. Bd3 {[%emt 0:00:03]} c5 {[%emt 0:00:06]} 8. dxc5 {[%emt 0:00:53]} Nc6 {[%emt 0:00:35]} 9. Bf4 {[%emt 0:01:28]} bxc5 {[%emt 0:00:40]} 10. c4 {[%emt 0:00:51]} Bxf3 {[%emt 0:00:13]} 11. Qxf3 {[%emt 0:00:00]} g5 {[%emt 0:00:38]} 12. Bg3 {[%emt 0:00:12]} Qa5+ {[%emt 0:00:41]} 13. Kf1 {[%emt 0:00:18]} Rb8 {[%emt 0:00:50]} 14. Be4 {[%emt 0:03:01]} Nd4 {[%emt 0:00:59]} 15. Qc3 {[%emt 0:00:03]} Qb4 {[%emt 0:03:36]} 16. h4 {[%emt 0:01:34]} g4 {[%emt 0:00:20]} 17. h5 {[%emt 0:01:30]} h6 {[%emt 0:00:26]} 18. Qxb4 {[%emt 0:00:46]} Rxb4 {[%emt 0:00:03]} 19. b3 {[%emt 0:00:01]} Bg7 {[%emt 0:03:51]} 20. Rb1 {[%emt 0:01:26]} d6 {[%emt 0:00:45]} 21. exd6 {[%emt 0:00:08]} f5 {[%emt 0:00:02]} 22. Bd3 {[%emt 0:00:06]} Kd7 {[%emt 0:00:11]} 23. Ke1 {[%emt 0:01:16]} Bf6 {[%emt 0:01:26]} 24. Kd2 {[%emt 0:00:16]} a5 {[%emt 0:00:20]} 25. Rhf1 {[%emt 0:00:06]} Bg5+ {[%emt 0:00:09]} 26. Kc3 {[%emt 0:00:07]} Bf6 {[%emt 0:00:25]} 27. Kd2 {[%emt 0:00:01]} Bg5+ {[%emt 0:00:01]} 28. Kc3 {[%emt 0:00:02]} Bf6 {[%emt 0:00:08]} 29. Kd2 {[%emt 0:00:02]} 1/2-1/2

[Event "European Online Club-ch-D 2021"]
[Site "Online"]
[Date "2021.03.27"]
[Round "6.18"]
[White "Pelletier, Yannick"]
[Black "Parligras, Mircea-Emilian"]
[Result "1/2-1/2"]
[WhiteElo "2581"]
[BlackElo "2591"]
[Annotator "ChessBase"]
[PlyCount "55"]
[EventDate "2021.03.27"]
[EventType "team-tourn"]
[EventCountry "NET"]
[SourceTitle "playchess.com"]
[Source "ChessBase"]
[SourceQuality "1"]
[TimeControl "900+5"]

1. d4 {[%emt 0:00:00]} Nf6 {[%emt 0:00:03]} 2. c4 {[%emt 0:00:04]} e6 {[%emt 0:00:01]} 3. Nc3 {[%emt 0:00:40]} Bb4 {[%emt 0:00:03]} 4. Nf3 {[%emt 0:00:10]} b6 {[%emt 0:00:13]} 5. Bg5 {[%emt 0:00:13]} h6 {[%emt 0:00:06]} 6. Bh4 {[%emt 0:00:04]} g5 {[%emt 0:00:08]} 7. Bg3 {[%emt 0:00:02]} Ne4 {[%emt 0:00:02]} 8. Qc2 {[%emt 0:00:23]} Bb7 {[%emt 0:00:03]} 9. O-O-O {[%emt 0:00:58]} Bxc3 {[%emt 0:00:15]} 10. bxc3 {[%emt 0:00:00]} Qe7 {[%emt 0:00:14]} 11. Kb2 {[%emt 0:00:57]} d6 {[%emt 0:00:25]} 12. Nd2 {[%emt 0:00:17]} f5 {[%emt 0:00:20]} 13. f3 {[%emt 0:00:14]} Nxg3 {[%emt 0:00:07]} 14. hxg3 {[%emt 0:00:01]} Nd7 {[%emt 0:00:04]} 15. g4 {[%emt 0:01:25]} Qf7 {[%emt 0:02:16]} 16. gxf5 {[%emt 0:00:11]} exf5 {[%emt 0:00:01]} 17. e3 {[%emt 0:00:09]} O-O-O {[%emt 0:00:05]} 18. Bd3 {[%emt 0:00:05]} f4 {[%emt 0:00:15]} 19. Rde1 {[%emt 0:01:32]} fxe3 {[%emt 0:01:47]} 20. Rxe3 {[%emt 0:00:03]} Nf6 {[%emt 0:00:23]} 21. Bg6 {[%emt 0:01:18]} Qf8 {[%emt 0:00:20]} 22. Qf5+ {[%emt 0:01:07]} Kb8 {[%emt 0:00:14]} 23. Re6 {[%emt 0:00:15]} Nd7 {[%emt 0:00:47]} 24. Ne4 {[%emt 0:02:52]} Ba6 {[%emt 0:01:43]} 25. Qd5 {[%emt 0:00:51]} Bb7 {[%emt 0:02:18]} 26. Qf5 {[%emt 0:00:02]} Ba6 {[%emt 0:00:03]} 27. Qd5 {[%emt 0:00:49]} Bb7 {[%emt 0:00:02]} 28. Qf5 {[%emt 0:00:02]} 1/2-1/2

[Event "European Online Club-ch-D 2021"]
[Site "Online"]
[Date "2021.03.27"]
[Round "6.19"]
[White "Toma, Radu-Cristian"]
[Black "Petkidis, Anthony"]
[Result "0-1"]
[WhiteElo "2385"]
[BlackElo "2401"]
[Annotator "NA"]
[PlyCount "74"]
[EventDate "2021.03.27"]
[EventType "team-tourn"]
[EventCountry "NET"]
[SourceTitle "playchess.com"]
[Source "ChessBase"]
[SourceQuality "1"]
[TimeControl "900+5"]

1. Nf3 {[%emt 0:00:00]} c5 {[%emt 0:00:07]} 2. c4 {[%emt 0:00:05]} Nf6 {[%emt 0:00:06]} 3. Nc3 {[%emt 0:00:15]} e6 {[%emt 0:00:08]} 4. g3 {[%emt 0:00:04]} b6 {[%emt 0:00:02]} 5. Bg2 {[%emt 0:00:02]} Bb7 {[%emt 0:00:01]} 6. O-O {[%emt 0:00:02]} Be7 {[%emt 0:00:03]} 7. d4 {[%emt 0:00:02]} cxd4 {[%emt 0:00:02]} 8. Qxd4 {[%emt 0:00:02]} d6 {[%emt 0:00:20]} 9. Rd1 {[%emt 0:00:05]} O-O {[%emt 0:00:09]} 10. b3 {[%emt 0:00:34]} Nbd7 {[%emt 0:00:46]} 11. Ba3 {[%emt 0:01:03]} Nc5 {[%emt 0:01:40]} 12. Rac1 {[%emt 0:00:07]} a6 {[%emt 0:00:14]} 13. Bb2 {[%emt 0:02:09]} Qc7 {[%emt 0:00:09]} 14. b4 {[%emt 0:00:48]} Ncd7 {[%emt 0:00:02]} 15. a3 {[%emt 0:00:04]} Rac8 {[%emt 0:00:04]} 16. Nb1 {[%emt 0:00:04]} Rfe8 {[%emt 0:00:17]} 17. Nbd2 {[%emt 0:00:35]} Qb8 {[%emt 0:00:04]} 18. Ng5 {[%emt 0:00:52]} Bxg2 {[%emt 0:00:04]} 19. Kxg2 {[%emt 0:00:03]} Red8 {[%emt 0:02:13]} 20. f3 {[%emt 0:00:31]} b5 {[%emt 0:00:22]} 21. Nge4 {[%emt 0:01:25]} bxc4 {[%emt 0:01:59]} 22. Rxc4 {[%emt 0:00:03]} d5 {[%emt 0:01:49]} 23. Rxc8 {[%emt 0:00:04]} Rxc8 {[%emt 0:00:02]} 24. Nc3 {[%emt 0:00:19]} Ne5 {[%emt 0:02:32]} 25. e4 {[%emt 0:00:48]} Nc6 {[%emt 0:00:45]} 26. Qf2 {[%emt 0:00:15]} d4 {[%emt 0:00:07]} 27. Ne2 {[%emt 0:00:17]} e5 {[%emt 0:00:03]} 28. Rb1 {[%emt 0:00:21]} Qb5 {[%emt 0:00:09]} 29. Qf1 {[%emt 0:01:29]} Qd3 {[%emt 0:00:17]} 30. Qe1 {[%emt 0:00:46]} a5 {[%emt 0:00:09]} 31. b5 {[%emt 0:00:04]} Nb4 {[%emt 0:02:07]} 32. axb4 {[%emt 0:02:10]} Bxb4 {[%emt 0:00:00]} 33. Rd1 {[%emt 0:00:27]} Rc2 {[%emt 0:00:05]} 34. Bc1 {[%emt 0:00:01]} Qxb5 {[%emt 0:00:06]} 35. Qf1 {[%emt 0:00:22]} a4 {[%emt 0:00:06]} 36. f4 {[%emt 0:00:13]} Ng4 {[%emt 0:00:05]} 37. Nf3 {[%emt 0:00:12]} Rxe2+ {[%emt 0:00:05]} 0-1

[Event "European Online Club-ch-D 2021"]
[Site "Online"]
[Date "2021.03.27"]
[Round "6.20"]
[White "Fischer, Daniel"]
[Black "Gavrilescu, David"]
[Result "0-1"]
[WhiteElo "2276"]
[BlackElo "2476"]
[Annotator "ChessBase"]
[PlyCount "68"]
[EventDate "2021.03.27"]
[EventType "team-tourn"]
[EventCountry "NET"]
[SourceTitle "playchess.com"]
[Source "ChessBase"]
[SourceQuality "1"]
[TimeControl "900+5"]

1. e4 {[%emt 0:00:00]} e6 {[%emt 0:00:07]} 2. d4 {[%emt 0:00:03]} d5 {[%emt 0:00:01]} 3. Nd2 {[%emt 0:00:01]} c5 {[%emt 0:00:02]} 4. Ngf3 {[%emt 0:00:02]} cxd4 {[%emt 0:00:01]} 5. Nxd4 {[%emt 0:00:00]} Nc6 {[%emt 0:00:01]} 6. Bb5 {[%emt 0:00:02]} Bd7 {[%emt 0:00:02]} 7. Nxc6 {[%emt 0:00:02]} bxc6 {[%emt 0:00:01]} 8. Bd3 {[%emt 0:00:02]} Qc7 {[%emt 0:00:09]} 9. Qe2 {[%emt 0:00:10]} Ne7 {[%emt 0:00:02]} 10. O-O {[%emt 0:00:05]} Ng6 {[%emt 0:00:05]} 11. Nf3 {[%emt 0:00:18]} Bd6 {[%emt 0:00:25]} 12. c4 {[%emt 0:00:56]} d4 {[%emt 0:01:49]} 13. Re1 {[%emt 0:01:30]} e5 {[%emt 0:00:09]} 14. h3 {[%emt 0:00:09]} O-O {[%emt 0:00:06]} 15. a3 {[%emt 0:01:28]} a5 {[%emt 0:00:04]} 16. b3 {[%emt 0:00:07]} Rab8 {[%emt 0:00:10]} 17. Bc2 {[%emt 0:00:15]} c5 {[%emt 0:04:08]} 18. Nd2 {[%emt 0:04:07]} Nf4 {[%emt 0:00:49]} 19. Qf3 {[%emt 0:00:02]} Bc6 {[%emt 0:00:11]} 20. g4 {[%emt 0:03:11]} f5 {[%emt 0:00:30]} 21. gxf5 {[%emt 0:00:26]} Rxf5 {[%emt 0:00:03]} 22. Nf1 {[%emt 0:00:55]} Rbf8 {[%emt 0:01:39]} 23. Bxf4 {[%emt 0:00:50]} Rxf4 {[%emt 0:00:21]} 24. Qg2 {[%emt 0:00:03]} Qf7 {[%emt 0:00:27]} 25. Re2 {[%emt 0:00:12]} a4 {[%emt 0:00:04]} 26. bxa4 {[%emt 0:00:19]} Qxc4 {[%emt 0:00:10]} 27. Rd2 {[%emt 0:00:30]} Qc3 {[%emt 0:00:21]} 28. Rad1 {[%emt 0:00:35]} c4 {[%emt 0:00:15]} 29. Ng3 {[%emt 0:00:05]} Qxa3 {[%emt 0:01:07]} 30. Nh5 {[%emt 0:00:29]} R4f7 {[%emt 0:00:02]} 31. f4 {[%emt 0:00:21]} d3 {[%emt 0:00:13]} 32. Bb1 {[%emt 0:00:10]} exf4 {[%emt 0:00:06]} 33. Kh1 {[%emt 0:00:07]} Qc5 {[%emt 0:00:07]} 34. Qg4 {[%emt 0:00:07]} Bxe4+ {[%emt 0:00:03]} 0-1

[Event "European Online Club-ch-D 2021"]
[Site "Online"]
[Date "2021.03.27"]
[Round "7.1"]
[White "Bauer, Christian"]
[Black "Eren, Ataberk"]
[Result "0-1"]
[WhiteElo "2639"]
[BlackElo "2306"]
[Annotator "ChessBase"]
[PlyCount "100"]
[EventDate "2021.03.27"]
[EventType "team-tourn"]
[EventCountry "NET"]
[SourceTitle "playchess.com"]
[Source "ChessBase"]
[SourceQuality "1"]
[TimeControl "900+5"]

1. e4 {[%emt 0:00:00]} e5 {[%emt 0:00:02]} 2. Nf3 {[%emt 0:00:04]} Nc6 {[%emt 0:00:02]} 3. Bb5 {[%emt 0:00:10]} a6 {[%emt 0:00:01]} 4. Ba4 {[%emt 0:00:02]} Nf6 {[%emt 0:00:02]} 5. Nc3 {[%emt 0:00:13]} b5 {[%emt 0:01:52]} 6. Bb3 {[%emt 0:00:02]} Be7 {[%emt 0:00:55]} 7. d3 {[%emt 0:02:08]} d6 {[%emt 0:00:07]} 8. a3 {[%emt 0:00:16]} O-O {[%emt 0:01:16]} 9. O-O {[%emt 0:00:38]} Na5 {[%emt 0:01:14]} 10. Ba2 {[%emt 0:00:03]} c5 {[%emt 0:00:05]} 11. Bg5 {[%emt 0:00:26]} Bb7 {[%emt 0:00:29]} 12. Bxf6 {[%emt 0:03:29]} Bxf6 {[%emt 0:00:02]} 13. Nd5 {[%emt 0:00:00]} g6 {[%emt 0:00:07]} 14. g3 {[%emt 0:00:17]} Bg7 {[%emt 0:00:07]} 15. h4 {[%emt 0:00:03]} Nc6 {[%emt 0:00:06]} 16. h5 {[%emt 0:00:31]} Ne7 {[%emt 0:00:11]} 17. hxg6 {[%emt 0:00:49]} hxg6 {[%emt 0:00:04]} 18. Ne3 {[%emt 0:00:06]} d5 {[%emt 0:00:25]} 19. Qe2 {[%emt 0:01:19]} dxe4 {[%emt 0:02:22]} 20. dxe4 {[%emt 0:00:02]} c4 {[%emt 0:01:07]} 21. Ng4 {[%emt 0:00:43]} Nc6 {[%emt 0:00:14]} 22. c3 {[%emt 0:00:20]} Qd7 {[%emt 0:00:31]} 23. Ng5 {[%emt 0:02:25]} Rad8 {[%emt 0:00:25]} 24. Rad1 {[%emt 0:00:22]} Qe7 {[%emt 0:00:05]} 25. Nf3 {[%emt 0:00:15]} Qe6 {[%emt 0:00:10]} 26. Ne3 {[%emt 0:00:16]} Ne7 {[%emt 0:00:10]} 27. Ng5 {[%emt 0:00:08]} Qf6 {[%emt 0:00:13]} 28. Qg4 {[%emt 0:00:02]} Bh6 {[%emt 0:00:19]} 29. Rxd8 {[%emt 0:00:14]} Rxd8 {[%emt 0:00:13]} 30. f4 {[%emt 0:00:01]} Qb6 {[%emt 0:00:58]} 31. Re1 {[%emt 0:00:39]} Rd3 {[%emt 0:00:21]} 32. Kf2 {[%emt 0:00:03]} f6 {[%emt 0:00:43]} 33. Qe6+ {[%emt 0:00:13]} Qxe6 {[%emt 0:00:06]} 34. Nxe6 {[%emt 0:00:02]} exf4 {[%emt 0:00:33]} 35. gxf4 {[%emt 0:00:04]} Kf7 {[%emt 0:01:41]} 36. Nc5 {[%emt 0:00:18]} Rd2+ {[%emt 0:00:04]} 37. Kf3 {[%emt 0:00:35]} Bc8 {[%emt 0:00:05]} 38. Rh1 {[%emt 0:00:11]} Kg7 {[%emt 0:00:14]} 39. Bxc4 {[%emt 0:00:19]} bxc4 {[%emt 0:00:04]} 40. Nxc4 {[%emt 0:00:02]} Rd8 {[%emt 0:00:14]} 41. a4 {[%emt 0:00:06]} Nc6 {[%emt 0:00:06]} 42. b4 {[%emt 0:00:03]} g5 {[%emt 0:00:08]} 43. f5 {[%emt 0:00:07]} Na7 {[%emt 0:00:12]} 44. Nb6 {[%emt 0:00:06]} g4+ {[%emt 0:00:03]} 45. Kxg4 {[%emt 0:00:03]} Bd2 {[%emt 0:00:02]} 46. Nd5 {[%emt 0:00:25]} Nc6 {[%emt 0:00:04]} 47. Rg1 {[%emt 0:00:05]} Ne5+ {[%emt 0:00:04]} 48. Kh5+ {[%emt 0:00:03]} Kf7 {[%emt 0:00:04]} 49. Kh4 {[%emt 0:00:03]} Nf3+ {[%emt 0:00:03]} 50. Kg3 {[%emt 0:00:02]} Nxg1 {[%emt 0:00:01]} 0-1

[Event "European Online Club-ch-D 2021"]
[Site "Online"]
[Date "2021.03.27"]
[Round "7.2"]
[White "Erdogan, Anil Berk"]
[Black "Pelletier, Yannick"]
[Result "1-0"]
[WhiteElo "2155"]
[BlackElo "2581"]
[Annotator "ChessBase"]
[PlyCount "71"]
[EventDate "2021.03.27"]
[EventType "team-tourn"]
[EventCountry "NET"]
[SourceTitle "playchess.com"]
[Source "ChessBase"]
[SourceQuality "1"]
[TimeControl "900+5"]

1. e4 {[%emt 0:00:00]} c6 {[%emt 0:00:02]} 2. d4 {[%emt 0:00:04]} d5 {[%emt 0:00:01]} 3. exd5 {[%emt 0:00:01]} cxd5 {[%emt 0:00:00]} 4. c4 {[%emt 0:00:01]} Nf6 {[%emt 0:00:02]} 5. Nc3 {[%emt 0:00:02]} Nc6 {[%emt 0:00:02]} 6. Bg5 {[%emt 0:00:01]} Be6 {[%emt 0:00:02]} 7. Be2 {[%emt 0:00:02]} Qa5 {[%emt 0:00:11]} 8. Bf3 {[%emt 0:00:47]} Rd8 {[%emt 0:00:03]} 9. Nge2 {[%emt 0:01:29]} dxc4 {[%emt 0:02:29]} 10. Bxf6 {[%emt 0:00:52]} exf6 {[%emt 0:00:05]} 11. O-O {[%emt 0:00:52]} Bd6 {[%emt 0:03:56]} 12. d5 {[%emt 0:01:32]} Ne5 {[%emt 0:01:43]} 13. dxe6 {[%emt 0:02:03]} Nxf3+ {[%emt 0:00:04]} 14. gxf3 {[%emt 0:00:22]} Bxh2+ {[%emt 0:00:15]} 15. Kxh2 {[%emt 0:00:05]} Rxd1 {[%emt 0:00:28]} 16. exf7+ {[%emt 0:00:26]} Kxf7 {[%emt 0:00:00]} 17. Raxd1 {[%emt 0:00:06]} Rd8 {[%emt 0:00:25]} 18. Ng3 {[%emt 0:00:48]} a6 {[%emt 0:00:56]} 19. Rxd8 {[%emt 0:02:01]} Qxd8 {[%emt 0:00:00]} 20. Rd1 {[%emt 0:00:02]} Qc7 {[%emt 0:00:14]} 21. Kg2 {[%emt 0:01:10]} b5 {[%emt 0:00:08]} 22. a4 {[%emt 0:01:03]} b4 {[%emt 0:00:46]} 23. Nd5 {[%emt 0:00:01]} Qc6 {[%emt 0:01:38]} 24. Ne3 {[%emt 0:01:44]} c3 {[%emt 0:00:13]} 25. bxc3 {[%emt 0:00:10]} b3 {[%emt 0:00:02]} 26. Ne4 {[%emt 0:00:41]} Qxa4 {[%emt 0:00:33]} 27. Nd6+ {[%emt 0:00:09]} Kf8 {[%emt 0:01:34]} 28. Nec4 {[%emt 0:00:22]} Qa2 {[%emt 0:01:16]} 29. Re1 {[%emt 0:00:11]} g6 {[%emt 0:00:04]} 30. Re8+ {[%emt 0:00:06]} Kg7 {[%emt 0:00:01]} 31. Re7+ {[%emt 0:00:02]} Kh6 {[%emt 0:00:05]} 32. Rb7 {[%emt 0:00:11]} a5 {[%emt 0:00:11]} 33. Ne3 {[%emt 0:00:12]} b2 {[%emt 0:00:07]} 34. Ng4+ {[%emt 0:00:01]} Kg5 {[%emt 0:00:05]} 35. Kg3 {[%emt 0:00:02]} Qd5 {[%emt 0:00:07]} 36. f4+ {[%emt 0:00:02]} 1-0

[Event "European Online Club-ch-D 2021"]
[Site "Online"]
[Date "2021.03.27"]
[Round "7.3"]
[White "Fischer, Daniel"]
[Black "Korkmaz, Necmettin"]
[Result "0-1"]
[WhiteElo "2276"]
[BlackElo "2101"]
[Annotator "NA"]
[PlyCount "72"]
[EventDate "2021.03.27"]
[EventType "team-tourn"]
[EventCountry "NET"]
[SourceTitle "playchess.com"]
[Source "ChessBase"]
[SourceQuality "1"]
[TimeControl "900+5"]

1. e4 {[%emt 0:00:00]} e6 {[%emt 0:00:09]} 2. d4 {[%emt 0:00:02]} d5 {[%emt 0:00:02]} 3. Nd2 {[%emt 0:00:02]} Nf6 {[%emt 0:00:04]} 4. e5 {[%emt 0:00:01]} Nfd7 {[%emt 0:00:02]} 5. Bd3 {[%emt 0:00:01]} c5 {[%emt 0:00:01]} 6. c3 {[%emt 0:00:02]} Nc6 {[%emt 0:00:01]} 7. Ne2 {[%emt 0:00:02]} cxd4 {[%emt 0:00:02]} 8. cxd4 {[%emt 0:00:00]} Qb6 {[%emt 0:00:15]} 9. Nf3 {[%emt 0:00:07]} f6 {[%emt 0:00:03]} 10. exf6 {[%emt 0:00:08]} Nxf6 {[%emt 0:00:01]} 11. O-O {[%emt 0:00:03]} Bd6 {[%emt 0:00:02]} 12. Bf4 {[%emt 0:01:01]} Bxf4 {[%emt 0:00:10]} 13. Nxf4 {[%emt 0:00:00]} Qxb2 {[%emt 0:00:19]} 14. Re1 {[%emt 0:03:21]} O-O {[%emt 0:00:08]} 15. Re2 {[%emt 0:00:36]} Qa3 {[%emt 0:00:58]} 16. Nxe6 {[%emt 0:00:51]} Bxe6 {[%emt 0:00:06]} 17. Rxe6 {[%emt 0:00:01]} Rae8 {[%emt 0:00:07]} 18. Qe2 {[%emt 0:00:32]} Re7 {[%emt 0:03:27]} 19. Qe3 {[%emt 0:01:06]} Kh8 {[%emt 0:00:36]} 20. Rxe7 {[%emt 0:02:00]} Nxe7 {[%emt 0:00:28]} 21. Ne5 {[%emt 0:00:19]} Qd6 {[%emt 0:01:08]} 22. Re1 {[%emt 0:00:40]} Nc6 {[%emt 0:00:25]} 23. Qh3 {[%emt 0:00:57]} Kg8 {[%emt 0:01:21]} 24. Ng4 {[%emt 0:02:22]} Ne4 {[%emt 0:00:56]} 25. f3 {[%emt 0:00:43]} Qb4 {[%emt 0:00:11]} 26. Rd1 {[%emt 0:00:08]} Qxd4+ {[%emt 0:00:35]} 27. Kh1 {[%emt 0:00:07]} Ne5 {[%emt 0:01:28]} 28. fxe4 {[%emt 0:00:56]} Nxd3 {[%emt 0:00:07]} 29. Qg3 {[%emt 0:00:45]} h5 {[%emt 0:00:53]} 30. h3 {[%emt 0:00:23]} dxe4 {[%emt 0:00:08]} 31. Nh6+ {[%emt 0:00:13]} Kh7 {[%emt 0:00:05]} 32. Rb1 {[%emt 0:00:04]} Kxh6 {[%emt 0:00:15]} 33. h4 {[%emt 0:00:06]} Nf2+ {[%emt 0:00:14]} 34. Kh2 {[%emt 0:00:02]} Ng4+ {[%emt 0:00:01]} 35. Kh1 {[%emt 0:00:06]} Rf7 {[%emt 0:00:08]} 36. Re1 {[%emt 0:00:06]} e3 {[%emt 0:00:04]} 0-1